[Event "RELAX 2007"]
[Site "http://www.queenalice.com/game.php?id=537788"]
[Date "2009.2.9"]
[Round "5"]
[White "ayrton"]
[Black "J_Ricardo"]
[Result "1-0"]
[WhiteElo "1904"]
[BlackElo "1524"]

1. e4 e5 2. Nf3 d6 3. Bc4 h6 4. O-O b6 5. c3 Nf6 6. Re1 Bb7 7. d3 c6 8. b4 b5 9.
Bb3 Be7 10. a4 bxa4 11. Rxa4 O-O 12. Ba3 a6 13. Nh4 Nh7 14. Nf3 Bc8 15. Nfd2 Bb7
16. Re3 Bg5 17. Rg3 Nd7 18. Nf3 c5 19. Nxg5 Nxg5 20. bxc5 dxc5 21. Bb2 Nf6 22.
h4 Bc6 23. Ra1 Ne6 24. Qf3 Rb8 25. Nd2 a5 26. Bc1 Nf4 27. Bc4 Bb5 28. Bxb5 Rxb5
29. Rb1 Rxb1 30. Nxb1 Nxd3 31. Qxd3 Qc8 32. Bxh6 Nh5 33. Rg5 Nf4 34. Rxg7+ Kh8
35. Qf3 Ng6 36. Qf6 Rg8 37. Rxg6+ Kh7 38. Qxf7+ Kh8 39. Rxg8+ Qxg8 40. Qxg8+
Kxg8 41. Be3 Kf7 42. Bxc5 a4 43. Na3 Kg6 44. Nc4 Kf6 45. Nb6 Kg6 46. Nxa4 Kh5
47. g3 Kg4 48. Kg2 1-0

[Event "Challenge"]
[Site "http://www.queenalice.com/game.php?id=565176"]
[Date "2009.4.1"]
[Round "-"]
[White "ayrton"]
[Black "catalan"]
[Result "1-0"]
[WhiteElo "1943"]
[BlackElo "1597"]

1. e4 e5 2. Nf3 d6 3. Be2 Nf6 4. d3 Nc6 5. O-O Be7 6. c3 a6 7. Be3 Ng4 8. Qc1
Be6 9. h3 Nf6 10. a3 h6 11. b4 O-O 12. Rd1 Nh7 13. c4 f5 14. exf5 Bxf5 15. Nh2
Rf6 16. Bg4 Qd7 17. Bxf5 Qxf5 18. g4 Qg6 19. f3 Nd8 20. Kg2 Nc6 21. Qc3 h5 22.
Rh1 Ng5 23. Bxg5 Rf4 24. Bxf4 exf4 25. Nd2 Bf6 26. Qb3 Kh8 27. Rad1 Nd4 28. Qb1
Qxd3 29. Qxd3 Re8 30. Rhe1 Rxe1 31. Rxe1 hxg4 32. Re8# 1-0

[Event "Cuti"]
[Site "http://www.queenalice.com/game.php?id=645179"]
[Date "2009.8.31"]
[Round "2"]
[White "Cuti"]
[Black "ayrton"]
[Result "1-0"]
[WhiteElo "1942"]
[BlackElo "1945"]

1. d4 d5 2. Nf3 e6 3. e3 Bd6 4. Bd3 Qf6 5. O-O Ne7 6. Nc3 O-O 7. e4 Bf4 8. e5
Qh6 9. Bxf4 Qxf4 10. Nb5 Na6 11. g3 Qh6 12. c3 g6 13. c4 c6 14. Nd6 Rb8 15. c5
Nb4 16. Be2 b6 17. a3 Na6 18. Nxc8 Nxc8 19. Bxa6 bxc5 20. dxc5 Rxb2 21. Nd4 Ne7
22. Qa4 Qh5 23. Rab1 Rfb8 24. Rxb2 Rxb2 25. Re1 Qg4 26. f4 Rd2 27. Re2 Rxd4 28.
Qxd4 Nf5 29. Qd3 g5 30. Rf2 h6 31. Qb3 Kg7 32. Qa4 Ne7 33. Be2 Qh3 34. fxg5 hxg5
35. Qxa7 1-0

[Event "Cuti"]
[Site "http://www.queenalice.com/game.php?id=706919"]
[Date "2010.1.1"]
[Round "3"]
[White "REUSKING"]
[Black "ayrton"]
[Result "1-0"]
[WhiteElo "2058"]
[BlackElo "1929"]

1. e4 e5 2. Nf3 Nc6 3. d4 Bd6 4. d5 Nb8 5. c4 c6 6. Bd3 Nf6 7. O-O O-O 8. Nc3
Re8 9. h3 cxd5 10. cxd5 Qa5 11. Be3 Na6 12. Nb5 Bb8 13. a3 Nxe4 14. Nxa7 Bxa7
15. Bxa7 Qxd5 16. Be3 Nf6 17. Bg5 Qd6 18. Bxh7+ 1-0

[Event "Recordar viejos tiempos"]
[Site "http://www.queenalice.com/game.php?id=708360"]
[Date "2010.1.4"]
[Round "-"]
[White "rodri"]
[Black "ayrton"]
[Result "0-1"]
[WhiteElo "1523"]
[BlackElo "1918"]

1. e4 e5 2. Nf3 Nc6 3. Bb5 a6 4. Bxc6 dxc6 5. Nxe5 Qd4 6. Qh5 Qxe4+ 7. Qe2 Qxc2
8. Nc3 Be6 9. O-O Bd6 10. Nd3 O-O-O 11. b3 Bxh2+ 12. Kxh2 Rxd3 13. Ne4 Rd8 14.
Ba3 Nh6 15. f3 Qd3 16. Qxd3 Rxd3 17. Bb2 Rg8 18. Rac1 Nf5 19. g4 Nd6 20. Rf2
Nxe4 21. fxe4 g6 22. g5 Rgd8 23. Rc2 Rh3+ 0-1

[Event "AUTO-OPEN-2030"]
[Site "http://www.queenalice.com/game.php?id=799081"]
[Date "2010.7.5"]
[Round "1"]
[White "goldenboy"]
[Black "ayrton"]
[Result "0-1"]
[WhiteElo "2105"]
[BlackElo "1920"]

1. e4 e5 2. f4 d6 3. Nf3 Nc6 4. Bc4 Be7 5. d4 Bf6 6. dxe5 dxe5 7. Qxd8+ Kxd8 8.
Bxf7 exf4 9. O-O g5 10. Bxg8 Rxg8 11. c3 Re8 12. Re1 Bg4 13. Nbd2 Kd7 14. Nb3
Rad8 15. Nfd4 Re7 16. h3 Bh5 17. Nc5+ Kc8 18. Nxc6 bxc6 19. a4 Rde8 20. Bd2 Bg6
21. h4 Bxe4 22. Nxe4 Rxe4 23. Rxe4 Rxe4 24. a5 h6 25. hxg5 hxg5 26. Re1 Rxe1+
27. Bxe1 Kd7 28. a6 c5 29. Bf2 Be7 30. b4 Kc6 31. Kf1 Kb5 32. Ke2 Kxa6 33. bxc5
Kb5 34. c6 a6 35. Kd3 Kxc6 36. Kc4 a5 37. Kb3 Bc5 38. Be1 g4 39. Ka4 Kb6 40. Kb3
f3 41. gxf3 gxf3 42. c4 f2 43. Bxf2 Bxf2 44. Ka4 Be1 45. Ka3 Kc5 46. Kb3 Bb4 47.
Kc2 Kxc4 48. Kb2 a4 49. Ka2 Kc3 50. Kb1 Kb3 51. Ka1 a3 52. Kb1 a2+ 0-1

[Event "Challenge"]
[Site "http://www.queenalice.com/game.php?id=865535"]
[Date "2010.11.29"]
[Round "-"]
[White "ayrton"]
[Black "catalan"]
[Result "1-0"]
[WhiteElo "1943"]
[BlackElo "1595"]

1. e4 e5 2. Nf3 Nc6 3. Bd3 Bc5 4. O-O d6 5. a3 Bg4 6. c3 Nge7 7. a4 a6 8. b4 Ba7
9. Be2 h6 10. h3 Bh5 11. Qc2 Ng6 12. d3 Nf4 13. Bxf4 exf4 14. Na3 O-O 15. Rad1
Qe7 16. d4 Bg6 17. Bd3 Bh5 18. Be2 Rae8 19. Bd3 Bxf3 20. gxf3 Qg5+ 21. Kh2 Ne7
22. Rg1 Qh5 23. Rg4 f5 24. exf5 Nxf5 25. Bxf5 Rxf5 26. Rdg1 Re7 27. Qd2 g5 28.
Rxf4 Rxf4 29. Qxf4 Rf7 30. Qg4 Qxg4 31. fxg4 Rxf2+ 32. Rg2 Rf3 33. Rc2 c6 34.
Nc4 Bb8 35. Kg2 Rf4 36. Rf2 Rxf2+ 37. Kxf2 Kf7 38. Na5 b5 39. axb5 cxb5 40. d5
Kf6 41. Nc6 Bc7 42. Ke2 Kg6 43. Kd3 Kf7 44. c4 Ke8 45. cxb5 axb5 46. Nd4 Bd8 47.
Nxb5 Kd7 48. Kc4 Bb6 49. Nc3 Bg1 50. b5 Kc7 51. Na4 Kd7 52. Kd3 Ke7 53. Ke4 Kf6
54. b6 Bxb6 55. Nxb6 Ke7 56. Nc4 1-0

[Event "AUTO-OPEN-2030"]
[Site "http://www.queenalice.com/game.php?id=881044"]
[Date "2011.1.4"]
[Round "2"]
[White "MC"]
[Black "ayrton"]
[Result "0-1"]
[WhiteElo "1576"]
[BlackElo "1963"]

1. b4 e5 2. a3 Nf6 3. d3 Be7 4. Nh3 O-O 5. e4 d6 6. d4 Nxe4 7. Bd3 Bf5 8. Qf3 d5
9. Qxf5 g6 10. Qxe5 Bf6 11. Qf4 Bxd4 12. Bxe4 dxe4 13. Qh6 Bg7 14. Qf4 Bxa1 15.
Ng5 Bg7 16. Nd2 h6 17. Ngxe4 Kh7 18. g4 f6 19. h4 g5 20. Qf5+ Kh8 21. Nf3 Qd7
22. Qxd7 Nxd7 23. h5 a5 24. Nc5 Nxc5 25. bxc5 Rad8 26. Nd2 Rd4 27. f3 Rfd8 28.
Rh2 R4d5 29. Re2 Rxc5 30. Ne4 Rcd5 31. Nd2 Kg8 32. c4 Rd3 33. a4 Kf7 34. c5 Bf8
35. Kf2 Bxc5+ 36. Kg2 Bb4 37. Ne4 Re8 38. Rc2 c6 39. Kf2 Ba3 40. Bxa3 Rxa3 41.
Nd6+ Kf8 42. Nxb7 Rxa4 43. Rxc6 Kf7 44. Nd6+ Kf8 45. Nxe8 Kxe8 46. Rxf6 Ra2+ 47.
Kg3 a4 48. Rxh6 a3 49. Re6+ Kf7 50. h6 Ra1 51. f4 gxf4+ 52. Kxf4 Rf1+ 53. Kg5 a2
54. Ra6 a1=Q 55. Rxa1 Rxa1 56. Kf5 Ra5+ 57. Kf4 Kg6 58. g5 Rxg5 59. h7 Rh5 60.
h8=N+ Rxh8 61. Kg4 Rf8 62. Kh4 Kf5 63. Kg3 Ke4 64. Kg2 Ke3 65. Kg3 Rg8+ 66. Kh4
Kf3 67. Kh5 Kf4 68. Kh6 Kf5 69. Kh7 Rg1 70. Kh6 Rg2 71. Kh5 Rh2# 0-1

[Event "AUTO-OPEN-2030"]
[Site "http://www.queenalice.com/game.php?id=881045"]
[Date "2011.1.4"]
[Round "2"]
[White "ayrton"]
[Black "MC"]
[Result "1-0"]
[WhiteElo "1945"]
[BlackElo "1655"]

1. e4 g5 2. d3 h6 3. Be2 e5 4. Nf3 Bc5 5. O-O Bd6 6. Be3 Nf6 7. c4 Nh5 8. Qb3
Rg8 9. c5 Bf8 10. Nxe5 Rg7 11. Bxh5 d5 12. Nc3 c6 13. Rae1 Be6 14. exd5 cxd5 15.
Qxb7 Bd6 16. Bxf7+ Bxf7 17. Nxf7 Rxf7 18. Bxg5+ Be7 19. Nxd5 Nd7 20. Rxe7+ Rxe7
21. Bxe7 Rb8 22. Bxd8 Rxb7 23. Be7 Rxb2 24. Re1 Ne5 25. h3 Nd7 26. Bf6+ Ne5 27.
Rxe5+ Kd7 28. Re7+ Kc6 29. Bxb2 Kxd5 30. d4 a5 31. f4 Kc6 32. f5 Kd5 33. Re2 a4
34. f6 a3 35. Bxa3 Kc6 36. f7 Kd5 37. f8=Q Kxd4 38. Qd6+ Kc4 39. Rc2+ Kb5 40.
Qb6+ Ka4 41. Qb4# 1-0

[Event "AUTO-OPEN-2030"]
[Site "http://www.queenalice.com/game.php?id=881052"]
[Date "2011.1.4"]
[Round "2"]
[White "ayrton"]
[Black "mauricio_sm"]
[Result "1-0"]
[WhiteElo "1942"]
[BlackElo "2056"]

1. e4 c5 2. Nf3 d6 3. Bb5+ Bd7 4. a4 Nf6 5. Qe2 a6 6. Bxd7+ Qxd7 7. O-O Nc6 8.
c3 e5 9. d3 g6 10. h3 Bg7 11. Bd2 O-O 12. Na3 b6 13. Nc4 Qc7 14. Rfc1 b5 15.
axb5 axb5 16. Rxa8 Rxa8 17. Na3 Qb7 18. Qe1 Na5 19. Bg5 Qd7 20. Bxf6 Bxf6 21.
Kh2 Bg7 22. Rc2 Nc6 23. Qc1 b4 24. cxb4 Nxb4 25. Nc4 Qd8 26. Re2 Nxd3 27. Qd2
Nf4 28. Re1 d5 29. Rd1 Ra4 30. b3 Ra7 31. Ncxe5 Bxe5 32. Nxe5 Qg5 33. g3 Ne6 34.
Qxd5 Ra2 35. Ng4 Qxd5 36. exd5 Nd4 37. d6 Ne6 38. d7 Ra8 39. Ne5 Rb8 40. Rd3 Kf8
41. Nc6 Rb6 42. d8=Q+ Nxd8 43. Rxd8+ Kg7 44. Na5 Rb5 45. Ra8 Rb6 46. Kg2 Re6 47.
Nc4 Rc6 48. Rd8 Rc7 49. f4 Kf6 50. Rd3 Kg7 51. Nd2 Kf6 52. Kf3 Ke6 53. Ke3 Re7
54. Ne4 Kf5 55. g4+ Ke6 56. Nxc5+ Kf6+ 57. Ne4+ Ke6 58. Rd6# 1-0

[Event "AUTO-OPEN-2030"]
[Site "http://www.queenalice.com/game.php?id=881053"]
[Date "2011.1.4"]
[Round "2"]
[White "mauricio_sm"]
[Black "ayrton"]
[Result "1-0"]
[WhiteElo "2044"]
[BlackElo "1954"]

1. e4 e5 2. Nf3 Nc6 3. d4 exd4 4. Nxd4 Nxd4 5. Qxd4 Qf6 6. Be3 Qxd4 7. Bxd4 d6
8. Nc3 c5 9. Be3 Be7 10. Nd5 Bd8 11. Bb5+ Bd7 12. Bxd7+ Kxd7 13. O-O Nf6 14.
Nxf6+ Bxf6 15. c3 Rhe8 16. f3 Ke7 17. Rad1 b6 18. Rd5 Rad8 19. Rfd1 Rd7 20. h3
Red8 21. Kf2 h6 22. g3 Kf8 23. f4 Ke8 24. Kf3 Be7 25. Bf2 a6 26. g4 a5 27. h4 f6
28. f5 Kf7 29. b3 Bf8 30. Be3 Re8 31. a3 Re5 32. Rxe5 fxe5 33. g5 h5 34. g6+ Ke8
35. Rg1 Be7 36. Bg5 Rd8 37. c4 Kd7 38. Bxe7 Kxe7 39. Ke3 Ra8 40. Rb1 b5 41. cxb5
Rd8 42. b4 a4 43. bxc5 dxc5 44. b6 Rb8 45. b7 Kd7 46. Kd3 Kc7 47. Kc4 Rd8 48.
Kxc5 1-0

[Event "Challenge"]
[Site "http://www.queenalice.com/game.php?id=900999"]
[Date "2011.2.15"]
[Round "-"]
[White "catalan"]
[Black "ayrton"]
[Result "0-1"]
[WhiteElo "1677"]
[BlackElo "1949"]

1. e4 e5 2. Nf3 Nc6 3. Bb5 a6 4. d3 axb5 5. Nc3 Bb4 6. Bd2 Bxc3 7. Bxc3 d6 8.
O-O Nh6 9. h3 O-O 10. Nh2 Kh8 11. Bd2 Ng8 12. c3 Be6 13. f4 f5 14. Qh5 g6 15.
Qf3 Rxa2 16. Rxa2 Bxa2 17. exf5 Rxf5 18. Qe4 Nf6 19. Qf3 Bd5 20. Qg3 Qe7 21. h4
Nh5 22. Qf2 exf4 23. Ng4 Qf8 24. Re1 Nf6 25. Nh2 Nh5 26. Ng4 Ne5 27. Nh2 Nxd3
28. Qd4+ Re5 29. Qxd3 Rxe1+ 30. Bxe1 Bc4 31. Qd5 Bxd5 32. Ng4 Be6 0-1